| 000 | 00690nam a22002177a 4500 | ||
|---|---|---|---|
| 008 | 131113b xxu||||| |||| 00| 0 eng d | ||
| 020 | _a3854283148 | ||
| 041 | 0 | _ager | |
| 080 | _a339.746 | ||
| 100 | 1 | _aNiederkofler, Paul | |
| 245 | 1 | 0 |
_aControlling des Zins-und währungsmanagements : _cPaul Niederkofler |
| 260 |
_aWien : _bService Fachverlag ; _c1995. |
||
| 300 |
_a196 f. : _c21 cm. |
||
| 490 | _aIKW Forschung | ||
| 500 | _aVorwort : f. VIII | ||
| 505 | _aLiteraturverzeichnis : f. 190-196 | ||
| 650 | 0 | _aMarrëdhëniet ekonomike ndërkombëtare. | |
| 650 | 0 | _aParaja | |
| 650 | 0 | _aMenaxhimi | |
| 942 |
_2udc _cBK |
||
| 999 |
_c302 _d302 |
||